| 000 | 00393nam a2200145Ia 4500 | ||
|---|---|---|---|
| 008 | 231217s9999 xx 000 0 und d | ||
| 041 | _aEnglish | ||
| 082 | _a001.6424JAV HUN;1 R | ||
| 100 | _aHunt, John Loftus, Chris | ||
| 245 | 0 | _aGuide to J2EE : enterprise Java | |
| 260 |
_c2003 _bSpringer (India) _aNew Delhi |
||
| 300 | _axxv+672 | ||
| 650 | _aJ2EE,:,enterprise,Java | ||
| 942 | _cAA | ||
| 999 |
_c172163 _d172163 |
||